| 000 | 00521nam a2200193 a 4500 | ||
|---|---|---|---|
| 005 | 20140310183302.0 | ||
| 008 | 050606s19uu xx 00 eng d | ||
| 020 | _a9712339483 | ||
| 050 |
_aHF 5387 _b.P123 2004 |
||
| 100 | _aPadilla, Reynaldo A. | ||
| 245 |
_a(A College textbook) Business ethics / _cReynaldo A. Padilla |
||
| 260 |
_aManila : _bRex Bookstore, _c2004. |
||
| 300 |
_a181 p. : _c22 cm. |
||
| 521 | _aBSBA | ||
| 650 | _aBusiness ethics. | ||
| 942 |
_cBK _2lcc _kLOC |
||
| 999 |
_c21000 _d21000 |
||